Statistics for Every Football Continental Club Champion

Click here to take the quiz!

General Stats

  • This quiz has been taken 29 times
    (6 since last reset)
  • The average score is 191 of 310

Answer Stats

HintAnswer% Correct
UEFA1971Ajax
100%
UEFA1973Ajax
100%
UEFA1972Ajax
100%
UEFA1995Ajax
100%
CAF2023Al-Ahly
100%
CAF1987Al-Ahly
100%
CAF2021Al-Ahly
100%
CAF2005Al-Ahly
100%
CAF2020Al-Ahly
100%
CAF2001Al-Ahly
100%
CAF2013Al-Ahly
100%
CAF2012Al-Ahly
100%
CAF2008Al-Ahly
100%
CAF2006Al-Ahly
100%
CAF1982Al-Ahly
100%
AFC2003Al-Ain
100%
AFC2019Al-Hilal
100%
AFC1991Al-Hilal
100%
AFC2000Al-Hilal
100%
AFC2021Al-Hilal
100%
UEFA1982Aston Villa
100%
UEFA1992Barcelona
100%
UEFA2009Barcelona
100%
UEFA2011Barcelona
100%
UEFA2015Barcelona
100%
UEFA2006Barcelona
100%
UEFA1976Bayern Munich
100%
UEFA1975Bayern Munich
100%
UEFA1974Bayern Munich
100%
UEFA2001Bayern Munich
100%
UEFA2013Bayern Munich
100%
UEFA2020Bayern Munich
100%
UEFA1961Benfica
100%
UEFA1962Benfica
100%
CONMEBOL2001Boca Juniors
100%
CONMEBOL1977Boca Juniors
100%
CONMEBOL2003Boca Juniors
100%
CONMEBOL2000Boca Juniors
100%
CONMEBOL2007Boca Juniors
100%
CONMEBOL1978Boca Juniors
100%
UEFA1967Celtic
100%
UEFA1970Feyenoord
100%
CONMEBOL1981Flamengo
100%
CONMEBOL2019Flamengo
100%
CONMEBOL2022Flamengo
100%
UEFA1965Inter Milan
100%
UEFA2010Inter Milan
100%
UEFA1964Inter Milan
100%
UEFA2023Manchester City
100%
UEFA2008Manchester United
100%
UEFA1999Manchester United
100%
UEFA1968Manchester United
100%
UEFA1979Nottingham Forest
100%
UEFA1980Nottingham Forest
100%
CONMEBOL2021Palmeiras
100%
CONMEBOL2020Palmeiras
100%
CONMEBOL1999Palmeiras
100%
UEFA1988PSV Eindhoven
100%
UEFA1959Real Madrid
100%
UEFA2002Real Madrid
100%
UEFA2014Real Madrid
100%
UEFA2016Real Madrid
100%
UEFA2017Real Madrid
100%
UEFA2018Real Madrid
100%
UEFA2000Real Madrid
100%
UEFA2022Real Madrid
100%
UEFA1998Real Madrid
100%
UEFA1958Real Madrid
100%
UEFA1966Real Madrid
100%
UEFA1960Real Madrid
100%
UEFA1956Real Madrid
100%
UEFA1957Real Madrid
100%
CONMEBOL1986River Plate
100%
CONMEBOL2015River Plate
100%
CONMEBOL2018River Plate
100%
CONMEBOL1996River Plate
100%
CONMEBOL1963Santos
100%
CONMEBOL1962Santos
100%
CONMEBOL2011Santos
100%
UEFA2007AC Milan
83%
UEFA1990AC Milan
83%
UEFA1963AC Milan
83%
UEFA2003AC Milan
83%
UEFA1969AC Milan
83%
UEFA1989AC Milan
83%
UEFA1994AC Milan
83%
AFC2005Al-Ittihad
83%
AFC2004Al-Ittihad
83%
CONCACAF1992America
83%
CONCACAF1987America
83%
CONCACAF1990America
83%
CONCACAF2006America
83%
CONCACAF2015America
83%
CONCACAF2016America
83%
CONCACAF1977America
83%
UEFA1997Borussia Dortmund
83%
UEFA2021Chelsea
83%
UEFA2012Chelsea
83%
UEFA1983Hamburger SV
83%
UEFA1996Juventus
83%
UEFA1985Juventus
83%
UEFA1977Liverpool
83%
UEFA2019Liverpool
83%
UEFA1984Liverpool
83%
UEFA2005Liverpool
83%
UEFA1978Liverpool
83%
UEFA1981Liverpool
83%
UEFA1993Olympique Marseille
83%
CONMEBOL1982Penarol
83%
CONMEBOL1987Penarol
83%
CONMEBOL1966Penarol
83%
CONMEBOL1961Penarol
83%
CONMEBOL1960Penarol
83%
UEFA2004Porto
83%
UEFA1987Porto
83%
CAF1999Raja Casablanca
83%
CAF1997Raja Casablanca
83%
CAF1989Raja Casablanca
83%
UEFA1991Red Star Belgrade
83%
CONMEBOL2013Atletico Mineiro
67%
CONMEBOL2016Atletico Nacional
67%
CONMEBOL1989Atletico Nacional
67%
CONMEBOL1991Colo Colo
67%
CONMEBOL2012Corinthians
67%
CONMEBOL1968Estudiantes
67%
CONMEBOL1969Estudiantes
67%
CONMEBOL2009Estudiantes
67%
CONMEBOL1970Estudiantes
67%
CONMEBOL1995Gremio
67%
CONMEBOL1983Gremio
67%
CONMEBOL2017Gremio
67%
CONMEBOL1974Independiente
67%
CONMEBOL1975Independiente
67%
CONMEBOL1984Independiente
67%
CONMEBOL1972Independiente
67%
CONMEBOL1965Independiente
67%
CONMEBOL1964Independiente
67%
CONMEBOL1973Independiente
67%
AFC2018Kashima Antlers
67%
CONMEBOL2008LDU Quito
67%
CONCACAF2011Monterrey
67%
CONCACAF2021Monterrey
67%
CONCACAF2019Monterrey
67%
CONCACAF2013Monterrey
67%
CONCACAF2012Monterrey
67%
CONMEBOL1988Nacional
67%
CONMEBOL1971Nacional
67%
CONMEBOL1980Nacional
67%
CONCACAF1988Olimpia
67%
CONMEBOL1979Olimpia
67%
CONMEBOL2002Olimpia
67%
CONCACAF1972Olimpia
67%
CONMEBOL1990Olimpia
67%
CONCACAF2010Pachuca
67%
CONCACAF2008Pachuca
67%
CONCACAF2002Pachuca
67%
CONCACAF2017Pachuca
67%
CONCACAF2007Pachuca
67%
CONMEBOL2014San Lorenzo
67%
UEFA1986Steaua Bucuresti
67%
CAF1967TP Englebert
67%
CAF1968TP Englebert
67%
CAF2010TP Mazembe
67%
CAF2015TP Mazembe
67%
CAF2009TP Mazembe
67%
AFC2017Urawa Red Diamonds
67%
AFC2007Urawa Red Diamonds
67%
AFC2022Urawa Red Diamonds
67%
CONMEBOL1998Vasco de Gama
67%
CAF1992Wydad Casablanca
67%
CAF2017Wydad Casablanca
67%
CAF2022Wydad Casablanca
67%
AFC2011Al-Sadd
50%
AFC1989Al-Sadd
50%
OFC2016Auckland City
50%
OFC2006Auckland City
50%
OFC2009Auckland City
50%
OFC2012Auckland City
50%
OFC2013Auckland City
50%
OFC2014Auckland City
50%
OFC2015Auckland City
50%
OFC2017Auckland City
50%
OFC2011Auckland City
50%
OFC2022Auckland City
50%
OFC2023Auckland City
50%
CONCACAF1971Cruz Azul
50%
CONCACAF2014Cruz Azul
50%
CONCACAF1969Cruz Azul
50%
CONCACAF1997Cruz Azul
50%
CONCACAF1996Cruz Azul
50%
CONCACAF1970Cruz Azul
50%
CONMEBOL1997Cruzeiro
50%
CONMEBOL1976Cruzeiro
50%
CAF2019Esperance de Tunis
50%
CAF2011Esperance de Tunis
50%
CAF2018Esperance de Tunis
50%
CAF1994Esperance de Tunis
50%
CAF1985FAR Rabat
50%
CONCACAF2018Guadalajara
50%
AFC2013Guangzhou Evergrande
50%
AFC2015Guangzhou Evergrande
50%
AFC1995Ilhwa Chunma
50%
CONMEBOL2006Internacional
50%
CONMEBOL2010Internacional
50%
AFC2016Jeonbuk Hyundai Motors
50%
AFC2006Jeonbuk Hyundai Motors
50%
AFC1999Jubilo Iwata
50%
CONCACAF2000LA Galaxy
50%
CONCACAF2023Leon
50%
CAF2016Mamelodi Sundowns
50%
CONMEBOL2004Once Caldas
50%
AFC1998Pohang Steelers
50%
AFC2009Pohang Steelers
50%
AFC1997Pohang Steelers
50%
CONMEBOL1967Racing
50%
CONMEBOL1992Sao Paulo
50%
CONMEBOL1993Sao Paulo
50%
CONMEBOL2005Sao Paulo
50%
CONCACAF2022Seattle Sounders
50%
AFC2010Seongnam Ilhwa Chunma
50%
CONCACAF2020UANL
50%
AFC2012Ulsan Hyundai
50%
AFC2020Ulsan Hyundai
50%
CAF1986Zamalek
50%
CAF1993Zamalek
50%
CAF2002Zamalek
50%
CAF1996Zamalek
50%
CAF1984Zamalek
50%
CAF1991Club Africain
33%
CONCACAF1998DC United
33%
CAF2003Enyimba
33%
CAF2004Enyimba
33%
CAF2007Etoile du Sahel
33%
AFC2008Gamba Osaka
33%
AFC1967Hapoel Tel Aviv
33%
AFC1990Liaoning
33%
AFC1969Maccabi Tel Aviv
33%
AFC1971Maccabi Tel Aviv
33%
CONCACAF1999Necaxa
33%
CAF1995Orlando Pirates
33%
CONCACAF1991Puebla
33%
CONCACAF2005Saprissa
33%
CONCACAF1995Saprissa
33%
CONCACAF1993Saprissa
33%
AFC2002Suwon Samsung Bluewings
33%
AFC2001Suwon Samsung Bluewings
33%
OFC2018Team Wellington
33%
CONCACAF1980UNAM
33%
CONCACAF1982UNAM
33%
CONCACAF1989UNAM
33%
CONMEBOL1994Velez Sarsfield
33%
AFC2014Western Sydney Wanderers
33%
AFC1987Yomiuri
33%
OFC1987Adelaide City
17%
CONCACAF1976Aguila
17%
CONCACAF2004Alajuelense
17%
CONCACAF1986Alajuelense
17%
CONCACAF1967Alianza
17%
CAF1969Al-Ismaily
17%
CAF1998ASEC Mimosas
17%
CONCACAF1983Atlante
17%
CONCACAF2009Atlante
17%
CAF1974CARA Brazzaville
17%
CONCACAF1985Defence Force
17%
CAF1988Entente de Setif
17%
CAF2014ES Setif
17%
AFC1990-91Esteghlal
17%
CONCACAF1979FAS
17%
AFC1986Furukawa Electric
17%
CONCACAF1962Guadalajara
17%
CAF1975Hafia FC
17%
CAF1977Hafia FC
17%
CAF1972Hafia VC
17%
CAF2000Hearts of Oak
17%
OFC2010Hekari United
17%
OFC2019Hienghene Sport
17%
CAF1981JE Tizi-Ouzou
17%
CAF1990JS Kabylie
17%
CONCACAF1974Municipal
17%
AFC1993PAS Tehran
17%
OFC1989South Melbourne
17%
OFC2005Sydney FC
17%
AFC1970Taj Tehran
17%
AFC1994Thai Farmers Bank
17%
AFC1994-95Thai Farmers Bank
17%
CONCACAF1973Transvaal
17%
CONCACAF1981Transvaal
17%
CONCACAF1978 (3)Universidad de Guadalajara/Comunicaciones/Defence Force
17%
CONCACAF1984Violette
17%
OFC2008Waitakere United
17%
OFC2007Waitakere United
17%
OFC2001Wollongong Wolves
17%
CONMEBOL1985Argentinios Juniors
0%
CAF1970Asante Kotoko
0%
CAF1983Asante Kotoko
0%
CONCACAF1975Atletico Espanol
0%
CAF1978Canon Yaounde
0%
CAF1971Canon Yaounde
0%
CAF1980Canon Yaounde
0%
CONCACAF1994Cartagines
0%
AFC1985-86Daewoo Royals
0%
CONMEBOL2023Fluminese
0%
CAF1976MC Alger
0%
CAF1965Oryx Douala
0%
CONCACAF1963Racing-Club Haitien
0%
CAF1966Stade d'Abidjan
0%
CONCACAF2003Toluca
0%
CONCACAF1968Toluca
0%
CAF1979Union Douala
0%
CAF1973Vita Club
0%

Score Distribution

Percentile by Number Answered

Percent of People with Each Score

Your Score History

You have not taken this quiz since the last reset